LEADER 01306nam0 22003131i 450 001 SUN0011315 005 20061013120000.0 010 $a88-13-17563-9 020 $aIT$b94 4806 100 $a20030108d1994 |0itac50 ba 101 $aita 102 $aIT 105 $a|||| ||||| 200 1 $aConcorrenza e mercato$ecommento alla Legge 10 ottobre 1990, n. 287 e al Decreto legislativo 25 gennaio 1992, n. 74$fa cura di Vittorio Afferni$gcon i contributi di Maria Cleme Bartesaghi ... [et al.] 210 $aPadova$cCEDAM$d1994 215 $aXVIII, 769 p.$d22 cm. 606 $aLibera concorrenza$xLegislazione$2FI$3SUNC000191 620 $dPadova$3SUNL000007 676 $a343.45072102638$v21 702 1$aAfferni$b, Vittorio$3SUNV008115 702 1$aBartesaghi$b, Maria C.$3SUNV008301 712 $aCEDAM$3SUNV005537$4650 790 1$aBartesaghi, Maria Cleme$zBartesaghi, Maria C.$3SUNV070760 801 $aIT$bSOL$c20181109$gRICA 912 $aSUN0011315 950 $aUFFICIO DI BIBLIOTECA DEL DIPARTIMENTO DI GIURISPRUDENZA$d00 CONS VI.D.32 $e00 19735 995 $aUFFICIO DI BIBLIOTECA DEL DIPARTIMENTO DI GIURISPRUDENZA$h19735$kCONS VI.D.32$oc$qa 996 $aConcorrenza e mercato$957384 997 $aUNICAMPANIA LEADER 01400nam--2200409---450- 001 990002989420203316 005 20090609134449.0 010 $a978-88-348-6455-5 035 $a000298942 035 $aUSA01000298942 035 $a(ALEPH)000298942USA01 035 $a000298942 100 $a20071015d2006----km-y0itay50------ba 101 $aita 102 $aIT 105 $a||||||||001yy 200 1 $aAfghanistan: tradizione giuridica e ricostruzione dell'ordinamento tra sari'a, consuetudini e diritto statale$fMassimo Papa 210 $aTorino$cGiappichelli$dcopyr. 2006 215 $aIX, 385 p. , [1 c. di tav.]$cill.$d24 cm 225 2 $aComparazione e cultura giuridica$v18 410 0$12001$aComparazione cultura giuridica$v18 454 1$12001 461 1$1001-------$12001 606 0 $aDiritto$yAfghanistan 606 0 $aDiritto islamico$yAfghanistan 676 $a340.59 700 1$aPAPA,$bMassimo$0479761 801 0$aIT$bsalbc$gISBD 912 $a990002989420203316 951 $aXXII.3.K 52 (IG XXI 1193)$b56895 G.$cIG XXI$d00063901 959 $aBK 969 $aGIU 979 $aPAOLA$b90$c20071015$lUSA01$h1256 979 $aPAOLA$b90$c20071015$lUSA01$h1309 979 $aRSIAV4$b90$c20090609$lUSA01$h1344 996 $aAfghanistan: tradizione giuridica e ricostruzione dell'ordinamento tra sari'a, consuetudini e diritto statale$91027911 997 $aUNISA LEADER 00969nam0-22002771i-450 001 990005531260403321 005 20240606095037.0 035 $a000553126 035 $aFED01000553126 035 $a(Aleph)000553126FED01 035 $a000553126 100 $a19990530d1948----km-y0itay50------ba 101 0 $aita 105 $af-------00--- 200 1 $a<>scavo ignorato del Dott. Ferruccio Quintavalle nella Tomba di Giganti di Goronna a Paulilatino (Cagliari)$fGiovanni Lilliu 210 $aSassari$cGallizzi$d1948 215 $a31 p., 2 tav.$d26 cm 300 $aEstratto da: Studi Sardi, anno VIII, 1948 700 1$aLilliu,$bGiovanni$f<1914- >$0158387 801 0$aIT$bUNINA$gRICA$2UNIMARC 901 $aBK 912 $a990005531260403321 952 $aARCH. X MISC. 46 (09)$bARCH. S.I.$fFLFBC 959 $aFLFBC 996 $aScavo ignorato del Dott. Ferruccio Quintavalle nella Tomba di Giganti di Goronna a Paulilatino (Cagliari$9610528 997 $aUNINA